| 000 -ლიდერი |
| ფიქსირებული სიგრძის საკონტროლო ველი |
01180nam a2200277Ia 4500 |
| 001 - საკონტროლო ნომერი |
| საკონტროლო ველი |
6352 |
| 003 - საკონტროლო ნომრის იდენტიფიკატორი |
| საკონტროლო ველი |
GE_BSU |
| 005 - ბოლო ოპერაციის თარიღი და დრო |
| საკონტროლო ველი |
20191122164950.0 |
| 008 - ფიქსირებული სიგრძის მონაცემთა ელემენტები - ზოგადი ინფორმაცია |
| ფიქსირებული სიგრძის საკონტროლო ველი |
181216s||||||||xx |||||||||||||| ||und|| |
| 040 ## - კატალოგიზაციის წყარო |
| Transcribing agency |
GE_BSU |
| 041 ## - ენის კოდი |
| Language code of text/sound track or separate title |
geo |
| 080 ## - უნივერსალური ათობითი კლასიფიკაციის ინდექსი |
| Universal Decimal Classification number |
821.111-31 შ-56 |
| 100 ## - მთავარი ჩანაწერი - პიროვნების სახელი |
| Personal name |
შექსპირი, უილიამ |
| 9 (RLIN) |
5542 |
| 245 ## - ცნობა სათაურის შესახებ |
| Title |
ტრაგედიები : |
| Remainder of title |
წ. 2 / |
| Statement of responsibility, etc |
ინგლ. თარგმ. ი. მაჩაბელის მიერ ; რედ. და კომენტ. ნ. ყიასაშვილისა. |
| 264 ## - წარმოების, გამოცემის, დისტრიბუციის და სხვა ცნობები |
| გამოცემის, წარმოების, დისტრიბუციის... ადგილი |
თბილისი : |
| გამოცემის, წარმოების, დისტრიბუციის... სახელწოდება |
საბჭოთა საქართველო, |
| გამოცემის, წარმოების, დისტრიბუციის... თარიღი |
1985. |
| 300 ## - ფიზიკური აღწერა |
| Extent |
676 გვ.; |
| Other physical details |
21 სმ. |
| 500 ## - ზოგადი შენიშვნა |
| General note |
შენიშვნები: გვ. 667-677. |
| 653 ## - INDEX TERM--UNCONTROLLED |
| Uncontrolled term |
ტრაგედიები |
| 653 ## - INDEX TERM--UNCONTROLLED |
| Uncontrolled term |
მეფე ლირი |
| 653 ## - INDEX TERM--UNCONTROLLED |
| Uncontrolled term |
ანტონიოსი და კლეოპატრა |
| 653 ## - INDEX TERM--UNCONTROLLED |
| Uncontrolled term |
კორიოლანოს |
| 700 ## - ADDED ENTRY--PERSONAL NAME |
| Personal name |
მაჩაბელი, ი. |
| Relator term |
მთარგმნელი |
| 9 (RLIN) |
5543 |
| 700 ## - ADDED ENTRY--PERSONAL NAME |
| Personal name |
ყიასაშვილი, ნ. |
| Relator term |
რედაქტორი |
| 9 (RLIN) |
5544 |
| 942 ## - ADDED ENTRY ELEMENTS (KOHA) |
| Koha item type |
წიგნი |
| Source of classification or shelving scheme |
|